1413 1349 1818 1492 1532 1803 1797 1615 1267 1785 1954 1879 1737 1463 1404 1614 1759 1948 1337 1728 1314 1956 1088 1754 1220 1546 1905 1618 1770 1310 1578 1991 1887 1913 1378 1094 1169 1803 1620 1614 1093 1013 1585 1640 1713 1529 1873 1627 1457 1984 1178 1527 1127 1606 1887 1588 1380 1979 1232 1319 1567 1235 1367 1199 1401 1659 1261 1929 1517 1136 1755 1383 1325 1099 1980 1504 1266 1987 1602 1457 1369 1583 1302 1020 1046 1222 1882 1935 1967 1766 1452 1492 1007 1352 1664 1613 1926 1665 1708 BCNSPRNW ULIB Ver.6.0+V

เปลี่ยนเป็นภาษาไทย

Change to English
 แสดงรายละเอียดบรรณานุกรม
  กลับหน้าหลัก

Brief Record : Get Marc (ISO 2709) : E-mail record : QR code < ปิดหน้าต่าง
LEADER : 00000nam 2200000uu 4500
001    13399123525
003     ULIB
008    141003s2556||||th 000 0 tha d
020    ^a9786167388557
060  4 ^aWS200^bA497
100    ^aประไพพิมพ์ ธีรคุปต์…[และคนอื่น ๆ], บรรณาธิการ
245    ^aAmbulatory Pediatrics: Guide and Clue in Management
250    ^aพิมพ์ครั้งที่ 1
260    ^aกรุงเทพฯ :^bภาควิชากุมารเวชศาสตร์ วิทยาลัยแพทยศาสตร์พระมงกุฎเกล้า กองกุมารเวชกรรม โรงพยาบาลพระมงกุฎเกล้า,^c2556
300    ^a484 หน้า
700    ^aอารียา เทพชาตรี, บรรณาธิการร่วม
700    ^aนภอร ภาวิจิตร, บรรณาธิการร่วม
700    ^aสนิตรา ศิริธางกุล, บรรณาธิการร่วม
700    ^aอังคณา เก่งสกุล, บรรณาธิการร่วม
700    ^aแสงแข ชำนาญวนกิจ, บรรณาธิการร่วม
945    ^p500^l0^i036076
945    ^p500^l0^i036077
945    ^p500^l0^i036078
945    ^p500^l0^i036079
945    ^p500^l0^i036080
945    ^p500^l0^i036081
945    ^p500^l0^i039326
945    ^p500^l0^i004083
999    ^aเกษร โพธิ์สุวรรณ
รายการนี้ยังไม่มีแท็ก
คุณยังไม่ได้ล็อกอิน คุณสามารถมีกิจกรรมร่วมกับเว็บไซต์ได้ แต่ต้องล็อกอินก่อน ::
  ล็อกอิน

รายการสื่อสารสนเทศ

ลำดับที่ ประเภท เลขเรียก/บาร์โค้ด สถานที่ สถานะ
1. วิทยาศาสตร์การแพทย์ และสุขภาพ
หนังสือสำรอง
สถานะ=หนังสือสำรอง
WS200 A497 ฉ.1 
  Barcode: 036076
ห้องสมุดวิทยาเขตสวรรค์ประชารักษ์
►ส่วนจัดเก็บหนังสือเก่า สปร
บนชั้น
  ขอยืม
2. วิทยาศาสตร์การแพทย์ และสุขภาพ
วิทยาศาสตร์การแพทย์ และสุขภาพ
WS200 A497 ฉ.2 
  Barcode: 036077
ห้องสมุดวิทยาเขตสวรรค์ประชารักษ์
►ส่วนจัดเก็บหนังสือเก่า สปร
บนชั้น
  ขอยืม
3. วิทยาศาสตร์การแพทย์ และสุขภาพ
วิทยาศาสตร์การแพทย์ และสุขภาพ
WS200 A497 ฉ.3 
  Barcode: 036078
ห้องสมุดวิทยาเขตสวรรค์ประชารักษ์
►ส่วนจัดเก็บหนังสือเก่า สปร
บนชั้น
  ขอยืม
4. วิทยาศาสตร์การแพทย์ และสุขภาพ
วิทยาศาสตร์การแพทย์ และสุขภาพ
WS200 A497 ฉ.4 
  Barcode: 036079
ห้องสมุดวิทยาเขตสวรรค์ประชารักษ์
►ส่วนจัดเก็บหนังสือเก่า สปร
บนชั้น
  ขอยืม
5. วิทยาศาสตร์การแพทย์ และสุขภาพ
วิทยาศาสตร์การแพทย์ และสุขภาพ
WS200 A497 ฉ.5 
  Barcode: 036080
ห้องสมุดวิทยาเขตสวรรค์ประชารักษ์
►ส่วนจัดเก็บหนังสือเก่า สปร
บนชั้น
  ขอยืม
6. วิทยาศาสตร์การแพทย์ และสุขภาพ
วิทยาศาสตร์การแพทย์ และสุขภาพ
WS200 A497 ฉ.6 
  Barcode: 036081
ห้องสมุดวิทยาเขตสวรรค์ประชารักษ์
►ส่วนจัดเก็บหนังสือเก่า สปร
บนชั้น
  ขอยืม
7. วิทยาศาสตร์การแพทย์ และสุขภาพ
วิทยาศาสตร์การแพทย์ และสุขภาพ
WS200 A497 ฉ.7 
  Barcode: 039326
ห้องสมุดวิทยาเขตสวรรค์ประชารักษ์
►ส่วนจัดเก็บหนังสือเก่า สปร
บนชั้น
  ขอยืม
8. วิทยาศาสตร์การแพทย์ และสุขภาพ
วิทยาศาสตร์การแพทย์ และสุขภาพ
WS200 A497 ฉ.8 
  Barcode: 004083
ห้องสมุดวิทยาเขตสวรรค์ประชารักษ์
►ส่วนจัดเก็บหนังสือเก่า สปร
บนชั้น
  ขอยืม

BibComment


ยังไม่เคยถูกคอมเมนท์

คอมเมนท์ทรัพยากรรายการนี้
  คอมเมนท์: Ambulatory Pedia..


 Copyright 2026. Bcnsprnw @Library